00441nam a2200169 a 450000100060000000300090000600800410001504000280005608200160008410000210010011100150012124500410013625000060017726000440018330000080022765000360023513325CO-ViMGA141112s2004 ck r 000 u spa d aCO-ViMGAbspacCO-ViMGA04aG 863 E777c1 aEstrada, Ricardo aÒ‚Estrada10aUnos cuentos y cabeza que no siento. a2 aGuatemala : bEditorial Cultura, c1988 a10814aCUENTOS GUATEMALTECOS - SIGLOXX